| 000 | 01211nam a22002777a 4500 | ||
|---|---|---|---|
| 003 | OSt | ||
| 005 | 20250410101802.0 | ||
| 008 | 240912b ||||| |||| 00| 0 eng d | ||
| 040 | _c0 | ||
| 082 | _aDPer 621.317 Ie21 December 2022 v.37 n. 12 part 1&2. | ||
| 100 |
_aJing, Runze. _eauthor. _960855 |
||
| 245 |
_aAn overmodulation strategy based on voltage vector space division for high-speed surface-moutned pmsm drives / _cRunze Jing, Guoqiang Zhang, Gaolin Wang, Guangding Bi, Dawei Ding, and Dianguo Xu. |
||
| 260 |
_aNew York ; _bThe Institute of Electrical and Electronics Engineers, Inc., _cDecember 2022. |
||
| 300 |
_avolume 37, pages 15370-15381, _b illustration. |
||
| 500 | _aIEEE Transactions on Power Electronics, v. 37 n. 12, pages 15370-15381, December 2022. | ||
| 650 | 0 |
_amodulation index (MI). _966267 |
|
| 650 | 0 |
_aovermodulation. _966269 |
|
| 650 | 0 |
_avoltage vector space division. _966270 |
|
| 700 |
_aJing, Runze. _eauthor. _960855 |
||
| 700 |
_aZhang, Guoqiang. _eauthor. _960856 |
||
| 700 |
_aWang, Gaolin. _eauthor. _960857 |
||
| 700 |
_aBi, Guangding. _eauthor. _960858 |
||
| 700 |
_aDing, Dawei. _eauthor. _960859 |
||
| 700 |
_aXu, Dianguo. _eauthor. _960860 |
||
| 942 |
_2ddc _cPER |
||
| 999 |
_c21563 _d21563 |
||